000 01422nam a2200397 a 4500
001 000008399
005 20260217122010.0
008 090706s2009 dr r 000 0 spa d
020 _z9768175494
040 _aDO-SdBNP
_bspa
_cBNPHU
082 _a340.115
_bM516p, 2009
100 1 _a Mejía-Ricart G., Tirso,
_d1936-2021
_q(Mejía-Ricart Guzmán)
_91569
245 1 0 _aPsicología para abogados /
_cTirso Mejía Ricart ; prólogo Luis Scheker Ortíz.
250 _a3a ed.
260 _aSanto Domingo :
_bBúho,
_c2009.
300 _a420 p. ;
_c23 cm.
490 1 _aFundación Mejía Ricart-Guzmán Boom. Textos básicos ;
_v10
490 1 _aTextos básicos ;
500 _aIncluye datos biográficos del autor en las solapas
504 _aBibliografía : p. 413-420
590 _aInventariado, 2018/BT
650 4 _aDerecho
_xAspectos psicológicos
_99509
650 4 _aPsicología criminal
_99510
650 4 _aPsicología forence
_99511
650 0 _aDerecho y ética
_99512
650 0 _aDrogadicción
_96035
650 4 _aDesviaciones sexuales
_99513
650 4 _aHomosexualidad
_91116
650 4 _aDelitos sexuales
_9697
650 4 _aDelitos
_99514
650 0 _aDelincuencia juvenil
_91711
700 1 _aScheker Ortiz, Luis,
_epról.
_99515
830 0 _aFundación Mejía Ricart-Guzmán Boom ;
_922647
830 0 _aTextos básicos ;
_n10
_922648
910 _aValidado. Control de calidad. MMOLINA
999 _c8170
_d8170